Basic Engineering Thermodynamics / (Record no. 523160)
[ view plain ]
| 000 -LEADER | |
|---|---|
| fixed length control field | 00409nam a2200157Ia 4500 |
| 005 - DATE AND TIME OF LATEST TRANSACTION | |
| control field | 20190129132316.0 |
| 008 - FIXED-LENGTH DATA ELEMENTS--GENERAL INFORMATION | |
| fixed length control field | 190125s9999 xx 000 0 und d |
| 020 ## - INTERNATIONAL STANDARD BOOK NUMBER | |
| International Standard Book Number | 9788131718889 |
| 040 ## - CATALOGING SOURCE | |
| Transcribing agency | DLC |
| 082 ## - DEWEY DECIMAL CLASSIFICATION NUMBER | |
| Classification number | 621.4021 |
| Author Mark | JOE |
| 100 ## - MAIN ENTRY--PERSONAL NAME | |
| Personal name | Rayner Joel |
| 9 (RLIN) | 13420 |
| 245 ## - TITLE STATEMENT | |
| Title | Basic Engineering Thermodynamics / |
| 260 ## - PUBLICATION, DISTRIBUTION, ETC. | |
| Name of publisher, distributor, etc. | Pearson Education |
| Place of publication, distribution, etc. | New Delhi |
| Date of publication, distribution, etc. | 2011 |
| 300 ## - PHYSICAL DESCRIPTION | |
| Extent | xii, 647p. : |
| 942 ## - ADDED ENTRY ELEMENTS (KOHA) | |
| Source of classification or shelving scheme | |
| Koha item type | Book |
| Withdrawn status | Lost status | Source of classification or shelving scheme | Damaged status | Not for loan | Permanent Location | Current Location | Date acquired | Total Checkouts | Full call number | Barcode | Date last seen | Price effective from | Koha item type |
|---|---|---|---|---|---|---|---|---|---|---|---|---|---|
| Central Library (CL) | Central Library (CL) | 01/29/2019 | 621.4021 JOE | NIT-10427 | 01/29/2019 | 01/29/2019 | Book |
